000 00353nam a2200109Ia 4500
008 160531s9999 xx 000 0 und d
100 _aButel, Janet.
245 _aJawetz Melnick & Adelbergs Medical Microbiology, 27 Edition
245 _cBy:Janet Butel, Karen C. Carroll
260 _c2015
856 _uhttp://file.ebook777.com/JawMel&AdeMedMic27Edi.pdf
999 _c295319
_d295319